| 000 | 00495pab a2200181 454500 | ||
|---|---|---|---|
| 008 | 180718b2004 xxu||||| |||| 00| 0 eng d | ||
| 100 | _aVerma, D.N. | ||
| 245 | _aVeterinary education in India: past, present and challenges in the new millennium | ||
| 260 | _c2004 | ||
| 300 | _ap.117-22. | ||
| 362 | _a30 Aug | ||
| 650 | _aVeterinary education - India | ||
| 650 | _aVeterinary education | ||
| 700 | _aSingh, B.B. | ||
| 700 | _aJoshi, R.K. | ||
| 773 | _aUniversity News | ||
| 909 | _a62374 | ||
| 999 |
_c62374 _d62374 |
||